Normal view MARC view
  • PATIL, AKSHAY SHASHIKANT , MD. USMAN Dr. MD RAGEED , BARHATE Dr. SHASHIKANT AND BENDEGUMBLE BASAWARAJ

Entry Personal Name

Number of records used in: 1

001 - CONTROL NUMBER

  • control field: 8274

003 - CONTROL NUMBER IDENTIFIER

  • control field: JRU

005 - DATE AND TIME OF LATEST TRANSACTION

  • control field: 20240108105739.0

008 - FIXED-LENGTH DATA ELEMENTS

  • fixed length control field: 240108|| aca||aabn | a|a d

040 ## - CATALOGING SOURCE

  • Original cataloging agency: JRU
  • Transcribing agency: JRU

100 ## - HEADING--PERSONAL NAME

  • Personal name: PATIL, AKSHAY SHASHIKANT , MD. USMAN Dr. MD RAGEED , BARHATE Dr. SHASHIKANT AND BENDEGUMBLE BASAWARAJ

670 ## - SOURCE DATA FOUND

  • Source citation: Work cat.: (JRU)7886: PATIL, AKSHAY SHASHIKANT , MD. USMAN Dr. MD RAGEED , BARHATE Dr. SHASHIKANT AND BENDEGUMBLE BASAWARAJ, A TEXTBOOK OF PHYSICAL PHARMACEUTICS-II [SEM-IV]